Avosidade relaȯ̂ jurd̕ica entre avs̤ e netos /

Bibliographic Details
Main Author: Da Silva Pereira, Tńia
Other Authors: Mathias Coltro, Antn̥io Carlos, Rabelo, Sofia Miranda, Teixeira Leal, Livia
Format: eBook
Language:Portuguese
Published: Indaiatuba: Editora Foco, 2021
Subjects:
Online Access:Acceso restringido

MARC

LEADER 00000nam a22000007a 4500
005 20211117213839.0
007 cr|||| ||||
008 211117s2021 br |||||s|||| 00||0 por d
020 |a 978-65-5515-136-7 
035 |a 35424 
040 |a vLex 
090 |c 12662  |d 12662 
100 1 |a Da Silva Pereira, Tńia 
245 1 0 |a Avosidade  |h [Recurso electrn̤ico] :  |b relaȯ̂ jurd̕ica entre avs̤ e netos /  |c Tńia Da Silva Pereira, Antn̥io Carlos Mathias Coltro, Sofia Miranda Rabelo, Livia Teixeira Leal 
256 |a Servicio en ln̕ea 
260 |a Indaiatuba:  |b Editora Foco,  |c 2021 
300 |a 1 recurso electrn̤ico 
500 |a Tendo em vista a necessidade de se aprofundar, no Brasil, o estudo ter̤ico da “Avosidade” sob uma abordagem multidisciplinar, buscou-se nesta obra agregar temas relacionados ̉velhice, ̉sad︢e, ̉ancestralidade, ̉convivn̊cia intergeracional, inclusive ̉arquitetura, entre os povos indg̕enas, aos direitos e deveres dos avs̤, aos alimentos avoengos, ̉socioafetividade, ̉multiparentalidade, ̉gravidez infanto-juvenil, ̉guarda compartilhada com os avs̤ e ̉responsabilidade civil em relaȯ̂ aos avs̤. Com efeito, diante do acelerado processo de envelhecimento da populaȯ̂ brasileira, efetivas polt̕icas sociais devem garantir a convivn̊cia interfamiliar com os idosos, visando adapt-̀los a exign̊cias do mundo moderno e s̉ mudanȧs que afetam as outras geraė̳s com as quais convive. Nesta relaȯ̂, os avs̤, por mais que se mostrem disponv̕eis para a criaȯ̂ dos netos, devem reconhecer limites no lidar com o cotidiano familiar, cientes de que boa parte das decise̳s sô tomadas pelos pais. Vivendo juntos ou separados, ou vivenciando novos relacionamentos, sô pessoas diferentes, com experin̊cias prp̤rias, as quais poderô representar refern̊cias positivas ou negativas na vida dos netos. Diante das dificuldades decorrentes do envelhecimento, sô pessoas que devem ser capazes de perceber seus limites e podem encontrar alternativas para uma convivn̊cia no cotidiano familiar, inclusive com os netos. O enfoque multidisciplinar foi a preocupaȯ̂ dos coordenadores, o que reflete a conscin̊cia da realidade, ao buscar a reciprocidade e a integraȯ̂ entre diversas r̀eas e objetivando a resoluȯ̂ de problemas de forma global e abrangente. Finalmente, o dil̀ogo entre as diversas r̀eas de conhecimento permite novos desdobramentos na compreensô da realidade e sua interpretaȯ̂. Finalmente, a Avosidade ̌fenm̥eno inďito na histr̤ia mundial e esta obra abre espaȯ para estudos e debates sobre o tema no contexto brasileiro, tanto no ḿbito jurd̕ico como no enfoque multidisciplinar. Com essas consideraė̳s, esperando haver cumprido a tarefa que a ns̤ e aos demais autores foi passada, esperamos colaborar com o entendimento a respeito da Avosidade, e a compreensô do que ela significa e a importńcia que possui para a faml̕ia e para as demais pessoas nela envolvidas, com relevo nos netos e os avs̤. 
506 1 |a Disponible solo en los productos indicados  |d vLex Global  |d vLex Global (Academic Edition, excluding Law Schools)  |d vLex Global (U.S. Academic Edition, Law Schools)  |d vLex Global (U.S. Academic Edition, excluding Law Schools)  |d vLex Global (Academic Edition, Law Schools) 
650 0 4 |a Familia y Sucesiones  |z Brasil 
700 1 |a Mathias Coltro, Antn̥io Carlos 
700 1 |a Rabelo, Sofia Miranda 
700 1 |a Teixeira Leal, Livia 
740 0 |a vLex Libros (Servicio en ln̕ea) 
856 4 0 |u https://app.vlex.com/#/sources/35424  |z Acceso restringido 
942 |c BOOK 
999 0 |a Family and Successions